| 000 | 00374nam a2200157Ia 4500 | ||
|---|---|---|---|
| 008 | 151213s9999 xx 000 0 und d | ||
| 100 | _aJ.M.Synge | ||
| 245 |
_aThe play boy of the western world _cJ.M.Synge |
||
| 250 | _a1st | ||
| 260 |
_aHonkong _bLong man _c1981 |
||
| 300 | _a2542 p. | ||
| 650 | _aEnglish | ||
| 650 | _aEnglish | ||
| 700 | _aJ.M.Synge | ||
| 999 |
_c1717 _d1717 |
||